书目信息 |
| 题名: |
植物遗态结构Fe/C复合材料的制备及其吸附水中铬、砷、磷的机制研究
|
|
| 作者: | 朱宗强, , 朱义年 著 | |
| 分册: | ||
| 出版信息: | 北京 中国环境出版集团 2019.03 |
|
| 页数: | 178页 | |
| 开本: | 23cm | |
| 丛书名: | ||
| 单 册: | ||
| 中图分类: | TB383 , X52 | |
| 科图分类: | ||
| 主题词: | 复合材料--fu he cai liao--水污染物--吸附--研究 | |
| 电子资源: | ||
| ISBN: | 978-7-5111-3939-9 | |
| 000 | 01231nam0 2200277 450 | |
| 001 | 0100011011 | |
| 005 | 20190905093952.0 | |
| 010 | @a978-7-5111-3939-9@dCNY50.00 | |
| 100 | @a20190904d2019 em y0chiy50 ea | |
| 101 | 0 | @achi |
| 102 | @aCN@b110000 | |
| 105 | @aak a 000yy | |
| 106 | @ar | |
| 200 | 1 | @a植物遗态结构Fe/C复合材料的制备及其吸附水中铬、砷、磷的机制研究@Azhi wu yi tai jie gou Fe/C fu he cai liao de zhi bei ji qi xi fu shui zhong ge 、 shen 、 lin de ji zhi yan jiu@f朱宗强, 朱义年著 |
| 210 | @a北京@c中国环境出版集团@d2019.03 | |
| 215 | @a178页@c图@d23cm | |
| 314 | @a朱宗强, 博士, 桂林理工大学正高级实验师, 硕士生导师。 | |
| 320 | @a有书目 (第166-178页) | |
| 330 | @a本书利用毛竹、桉木为植物模板, 通过人工控制制备了两种植物遗态Fe2O3/Fe3O4/C复合材料 (毛竹模板材料, PBGC-Fe/C-B ; 桉木模板材料, PBGC-Fe/C-E), 选择Cr (VI)、As (V) 和P (V) 等为目标污染物, 从材料制备、吸附影响实验、吸附前后液相和固相表征等方面探讨材料对目标污染物的吸附机制。 | |
| 606 | 0 | @a复合材料@Afu he cai liao@x水污染物@x吸附@x研究 |
| 690 | @aTB383@v5 | |
| 690 | @aX52@v5 | |
| 701 | 0 | @a朱宗强,@Azhu zong qiang@f1982-@4著 |
| 701 | 0 | @a朱义年@Azhu yi nian@4著 |
| 801 | 0 | @aCN@c20190905 |
| 905 | @a河南城建学院图书馆@dTB383@eZ895 | |
| 植物遗态结构Fe/C复合材料的制备及其吸附水中铬、砷、磷的机制研究/朱宗强, 朱义年著.-北京:中国环境出版集团,2019.03 |
| 178页:图;23cm |
| ISBN 978-7-5111-3939-9:CNY50.00 |
| 本书利用毛竹、桉木为植物模板, 通过人工控制制备了两种植物遗态Fe2O3/Fe3O4/C复合材料 (毛竹模板材料, PBGC-Fe/C-B ; 桉木模板材料, PBGC-Fe/C-E), 选择Cr (VI)、As (V) 和P (V) 等为目标污染物, 从材料制备、吸附影响实验、吸附前后液相和固相表征等方面探讨材料对目标污染物的吸附机制。 |
| ● |
| 相关链接 |
|
|
|
正题名:植物遗态结构Fe/C复合材料的制备及其吸附水
索取号:TB383/Z895
 
预约/预借
| 序号 | 登录号 | 条形码 | 馆藏地/架位号 | 状态 | 备注 |
| 1 | 1439321 | 214393217 | 自科库501/501自科库 14排2列5层/ [索取号:TB383/Z895] | 在馆 | |
| 2 | 1439322 | 214393226 | 自科库501/501自科库 14排2列5层/ [索取号:TB383/Z895] | 在馆 |